000 00600nam a2200193Ia 4500
008 151121s9999||||xx |||||||||||||| ||und||
082 _a920/चिटणी
082 _bHNW-46464
100 _aचिटणीस इंदिरा
245 _aसमर्पिता
260 _b"गुरु-सेवा आपटे पथ, पुणे।"
260 _c--
300 _a176
600 _aचिटणीस इंदिरा
630 _aसमर्पिता
700 _aचिटणीस इंदिरा
730 _aसमर्पिता
942 _cBOOK
999 _c1233043
_d1233040